LEADER 00725nam0-22002771i-450- 001 990001690810403321 005 20051021142431.0 035 $a000169081 035 $aFED01000169081 035 $a(Aleph)000169081FED01 035 $a000169081 100 $a20030910d1904----km-y0itay50------ba 101 0 $aita 200 1 $a<>patate di gran reddito$fNicola Aducci 210 $aMilano$cHoepli$d1904 215 $a221 p.$d16 cm 610 0 $aPatate 676 $a633.491 700 1$aAducci,$bNicola$0354540 801 0$aIT$bUNINA$gRICA$2UNIMARC 901 $aBK 912 $a990001690810403321 952 $a60 633.491 C 1$b3232$fFAGBC 959 $aFAGBC 996 $aPatate di gran reddito$9361504 997 $aUNINA LEADER 01083cam0 22002773 450 001 SOB004627 005 20251216155954.0 010 $a8870960234 100 $a20040211d1991 |||||ita|0103 ba 101 $aita 102 $aIT 200 1 $a12 melodie preparatorie al canto drammatico con accompagnamento di pianoforte dedicate a Adelaide Gambaro$eNapoli - Milano ca. 1864$fSaverio Mercadante 210 $aLucca$cLibreria Musicale Italiana Editrice$d1991 215 $a1 v.$d31 cm 225 2 $aEsercizi di Musica$v6 410 1$1001LAEC00016284$12001 $a*Esercizi di Musica$v6 700 1$aMercadante$b, Saverio$3AF00005728$4070$0162432 801 0$aIT$bUNISOB$c20251216$gRICA 850 $aUNISOB 852 $aUNISOB$j780$m105072 912 $aSOB004627 940 $aM 102 Monografia moderna SBN 941 $aM 957 $a780$b000266$gSi$d105072$racquisto$1cutolo$2UNISOB$3UNISOB$420080108104537.0$520190925165142.0$6bethb 996 $a12 melodie preparatorie al canto drammatico con accompagnamento di pianoforte dedicate a Adelaide Gambaro$91730496 997 $aUNISOB